000 00563nam a2200181Ia 4500
008 151018s9999 xx 000 0 und d
082 _bRBASDV10544
_a891.461
100 _aनामदेव लक्ष्मन ढसाळ
245 _aगोलपिठ
250 _b2
260 _bनीलकंठ
_c1975
300 _a78
600 _aनामदेव लक्ष्मन ढसाळ
630 _aगोलपिठ
700 _aनामदेव लक्ष्मन ढसाळ
730 _aगोलपिठ
942 _cBOOK
999 _c1012903
_d1012900